00418nam a22001457a 4500010001500000020002600015035001400041037001300055082000600068100001800074245003700092260004100129270007400170300002800244 aENG-137073 c125.00a9789380816258 aEN-120605 bDBAD/PUB aN aShelley, Mary aFrankensten /cBy Mary Shelley,  aNoidabMaple Press Private Ltdc2012 aA-63, Sector -58 bNoida e201301k+1204553581minfo@maplepress.co.in a207p.;c20cm(pbk)bill.